000 00446cam a2200169ua 4500
020 _c55.00
041 _aeng
_h
082 _a632.7
_bNAI/IN
100 _aNair, M R G K .
245 _aInsects and mites of crops in India /
_cM R G K Nair.
_hTextual Documents
260 _aNew Delhi :
_bIndian Council for Agricultural Research ,
_c1995.
300 _a408 ; .
365 _a55.00
504 _a
942 _cBK
999 _c2715
_d2715